| 000 | 00798 a2200241 4500 | ||
|---|---|---|---|
| 003 | CBULib | ||
| 005 | 20260630133257.0 | ||
| 008 | 260630b |||||||| |||| 00| 0 eng d | ||
| 040 |
_aCBULib _bEnglish _cCBULib _erda |
||
| 041 | _aeng | ||
| 050 | _aBOZ(058)FSR/2022 | ||
| 100 | _aBank of Zambia | ||
| 110 |
_95574 _aBank of Zambia(BOZ) |
||
| 245 |
_a2022 micro small and medium enterprise finance survey report _c/ by Bank of Zambia(BOZ) |
||
| 260 |
_c2022. _aLusaka : _bBank of Zambia, |
||
| 300 | _a48 pages : illustrations | ||
| 336 |
_2rdacontent _aText | _btxt |
||
| 337 |
_2rdamedia _aUnmediated | _bn |
||
| 338 |
_2rdacarrier _aVolume _bnc |
||
| 650 | 0 |
_95681 _aSMALL BUSINESSES--ZAMBIA--STATISTICS |
|
| 650 | 0 |
_95682 _aBUSINESS ENTERPRISES--FINANCE--ZAMBIA--STATISTICS |
|
| 942 |
_2mc _c021 |
||
| 999 |
_c86734 _d86734 |
||